00278 a2200097 4500001001000000005001700010008004100027245005000068100001900118773004300137ART_2621020260410161937.0260409a 10aSinergia y empatía en la toma de decisiones1 aSader, Gustavo0 tSaberEsg- Nº 3 (jun. 2011)wREV26089